| 000 | 03103cam a22005054i 4500 | ||
|---|---|---|---|
| 003 | PE-LiUPU | ||
| 005 | 20250731172846.0 | ||
| 008 | 150910s2015 txua rb 000 0 eng d | ||
| 020 | _a9780891124603 | ||
| 035 | _a(Sirsi) i9780891124603 | ||
| 040 |
_aKMA _bspa _erda _cKMA _dOCLCO _dTXC _dOCLCA _dBTCTA _dYDXCP _dOCLCF _dDTM _dPE-LiUPU |
||
| 049 | _aPRUA | ||
| 082 | 0 | 4 |
_a248.82 _bA4 _223 |
| 090 |
_aBV639 .C4 _bA46 2015 |
||
| 245 | 0 | 0 |
_aAlong the way : _bconversations about children & faith / _cRon Bruner & Dana Kennamer Pemberton, editors. |
| 246 | 0 | _aConversations about children and faith | |
| 264 | 1 |
_aAbilene, TX : _bAbilene Christian University Press, 2015. |
|
| 300 |
_a256 páginas : _bilustraciones ; _c23 centímetros |
||
| 336 |
_atext _2rdacontent |
||
| 337 |
_aunmediated _2rdamedia |
||
| 338 |
_avolume _2rdacarrier |
||
| 505 | 0 | _aSection one: Catching up with the conversation. An invitation to a conversation / Ron Bruner and Dana Kennamer Pemberton -- The story of why we believe what we believe about children and faith / Ron Bruner -- Understanding childhood spirituality / Steven Bonner -- Section two: Children at home. Living Deuteronomy 6 : parenting as a spiritual discipline / Ron Bruner -- Reading and living the Bible with children / Samjung Kang-Hamilton -- Praying alongside our children / Samjung Kang-Hamilton -- Section three: Children and the faith community. Reshaping the church into an intergenerational body / Holly Catterton Allen -- Communion : a table without boundaries / Nathan Pickard -- Baptism and children : finding good instincts / Jeff W. Childers -- Baptism and children : finding sound practices / Jeff W. Childers -- Section four: Our children's ministries. Ministry with children : partnerships with purpose / Ryan Maloney -- Respect the text and respect the children : reconsidering our approaches to Bible school / Dana Kennamer Pemberton -- Practicing spiritual disciplines with children / Suzetta Nutt -- Children serving and proclaiming Christ : joining the mission of the church / Shannon Rains -- Holy hospitality : following the call of Jesus to welcome ALL children / Dana Kennamer Pemberton. | |
| 526 | _aSEG42 | ||
| 526 | _aSEG41 | ||
| 526 | _aSEG40 | ||
| 526 | _aSEG39 | ||
| 526 | _aP94 | ||
| 526 | _aP87 | ||
| 526 | _aP86 | ||
| 526 | _aP85 | ||
| 526 | _aP77 | ||
| 526 | _aP76 | ||
| 526 | _aP35 | ||
| 650 | 1 | 4 | _aEducación cristiana de niños. |
| 650 | 2 | 4 | _aTrabajo pastoral con niños. |
| 700 | 1 |
_aBruner, Ron, _eeditor. |
|
| 700 | 1 |
_aPemberton, Dana Kennamer, _d1960- , _eeditor. |
|
| 910 |
_ajck _bebj _cebj _d20160601 |
||
| 942 |
_2ddc _cBOOK |
||
| 949 |
_a248.82 A4 _wDEWEY _c1 _i73361 _lCCODEBUL1 _mBUL _p20.00 _r0 _sY _tBOOK _u2016-6-1 _xTEOLOGIA _PP85 _0COMPRA _o.STAFF. Colección General Teología |
||
| 994 |
_aC0 _bPEPRU |
||
| 596 | _a1 | ||
| 999 |
_a248.82 A4 _wDEWEY _c9688 _i73361 _f2021-11-10 _g5 _lCCODEBUL1 _mBUL _p20.00 _r0 _sY _tBOOK _u2016-6-1 _xTEOLOGIA _PP85 _0COMPRA _o.STAFF. Colección Teología _d9688 |
||
| 980 |
_81 _gALBERTO SANCHEZ Responsable de Automatización |
||